|
|
|
|
| LEADER |
00000nab a2200000 a 4500 |
| 001 |
vtls010258796 |
| 003 |
SK-MaSNL |
| 005 |
20260304154941.0 |
| 008 |
25050719c2009 xo o |||||||||||||||slol |
| 015 |
|
|
|a SNBRB2009/07
|
| 035 |
|
|
|a SVKKK000096559
|
| 035 |
|
|
|a urn:nbn:sk:snk-ab2who
|
| 035 |
|
|
|a (urnnbn)urn:nbn:sk:snk:ar-a0318l
|
| 035 |
|
|
|a (uuid)84c17b41-a9eb-45fa-bc7a-d21bc0b88e85
|
| 038 |
|
|
|a SVKKK
|
| 040 |
|
|
|a SNKBUCL
|b slo
|c SNKBUCL
|e AACR2
|
| 041 |
0 |
|
|a slo
|
| 044 |
|
|
|a xo
|c SK
|
| 080 |
|
|
|a 712:94
|x (437.6)
|2 1997
|
| 100 |
1 |
|
|a Gurinová, Erika
|4 aut
|4 pht
|9 747252
|
| 245 |
1 |
0 |
|a Rajské záhrady
|c Erika Gurinová
|
| 300 |
|
|
|b Fotogr.
|
| 650 |
0 |
7 |
|a záhrady
|2 SNKPH
|9 2730
|
| 650 |
0 |
7 |
|a záhradná architektúra
|2 SNKPH
|9 2944
|
| 773 |
0 |
|
|t Krásy Slovenska
|g Roč. 86, č. 5-6 (2009), s. 48-50
|x 0323-0643
|
| 850 |
|
|
|a Slovenská národná knižnica
|
| 852 |
|
|
|a Slovenská národná knižnica
|
| 954 |
|
|
|a odborná, vedecká literatúra pôvodná (slovenská)
|2 lita
|
| 958 |
|
|
|a article27
|
| 958 |
|
|
|a OND
|
| 958 |
|
|
|a EUIPO
|
| 999 |
|
|
|c 2960039
|d 2961969
|